[Event "POL-ch U18"]
[Site "Leba"]
[Date "2006.03.28"]
[Round "5"]
[White "Gajdzica, Maciej"]
[Black "Lewiarz, Piotr"]
[Result "1/2-1/2"]
[WhiteElo "2038"]
[BlackElo "1984"]
[PlyCount "90"]
[EventDate "2006.03.25"]
[EventType "swiss"]
[EventRounds "11"]
[EventCountry "POL"]
[SourceTitle "CBM 111 Extra"]
[Source "ChessBase"]
[SourceDate "2006.05.09"]
[SourceVersion "1"]
[SourceVersionDate "2006.05.09"]
[SourceQuality "1"]

1. d4 Nf6 2. c4 g6 3. Nc3 d5 4. cxd5 Nxd5 5. e4 Nxc3 6. bxc3 Bg7 7. Nf3 c5 8. Be2 Nc6 9. d5 Bxc3+ 10. Bd2 Bxa1 11. Qxa1 Nd4 12. Nxd4 cxd4 13. Qxd4 f6 14. e5 0-0 15. 0-0 fxe5 16. Qxe5 Qd6 17. Qd4 e5 18. Qc4 a5 19. f4 Bd7 20. fxe5 Rxf1+ 21. Bxf1 Qxe5 22. Qd3 Rc8 23. Bxa5 Rc5 24. Qd2 b5 25. Qf2 Rxd5 26. Bb6 Bf5 27. a4 Bd3 28. axb5 Bxf1 29. Qxf1 Qe4 30. Qc1 Kg7 31. Be3 Qe6 32. Bh6+ Kf7 33. Qa1 Qb6+ 34. Kh1 Rxb5 35. Qg7+ Ke6 36. Qg8+ Kf6 37. Qf8+ Ke5 38. Qe8+ Kf6 39. Qf8+ Ke6 40. Qe8+ Kd5 41. Qd7+ Ke4 42. Qg4+ Kd5 43. Qd7+ Ke4 44. Qg4+ Kd5 45. Qd7+ Ke4 1/2-1/2

[Event "POL-ch U18"]
[Site "Leba"]
[Date "2006.03.27"]
[Round "4"]
[White "Szarwacki, Dominik"]
[Black "Gajdzica, Maciej"]
[Result "1-0"]
[WhiteElo "1826"]
[BlackElo "2038"]
[PlyCount "97"]
[EventDate "2006.03.25"]
[EventType "swiss"]
[EventRounds "11"]
[EventCountry "POL"]
[SourceTitle "CBM 111 Extra"]
[Source "ChessBase"]
[SourceDate "2006.05.09"]
[SourceVersion "1"]
[SourceVersionDate "2006.05.09"]
[SourceQuality "1"]

1. e4 c5 2. Nf3 Nc6 3. Bb5 g6 4. Bxc6 dxc6 5. d3 Bg7 6. h3 Nf6 7. Nc3 0-0 8. Be3 b6 9. Qd2 Re8 10. 0-0 e5 11. Nh2 Nh5 12. g4 Nf6 13. Bh6 Be6 14. Bxg7 Kxg7 15. f4 exf4 16. Rxf4 Qd4+ 17. Rf2 Rad8 18. Nf3 Qd7 19. Raf1 Ng8 20. Ne5 Qc7 21. Rxf7+ Bxf7 22. Rxf7+ Qxf7 23. Nxf7 Kxf7 24. Qf4+ Ke7 25. Qc7+ Rd7 26. Qxc6 Red8 27. e5 Rd4 28. Ne4 R4d5 29. Ng5 R5d7 30. Qe6+ Kf8 31. Qc4 b5 32. Qf4+ Ke8 33. Ne6 Rf7 34. Qxf7+ Kxf7 35. Nxd8+ Ke7 36. Nc6+ Ke6 37. Nxa7 b4 38. d4 cxd4 39. Nc6 h5 40. gxh5 gxh5 41. Nxd4+ Kd5 42. Nf3 Ke4 43. Kf2 Ne7 44. a4 bxa3 45. bxa3 Kf4 46. a4 Nc6 47. e6 Ke4 48. c4 Kf5 49. Nd4+ 1-0